Hinduism : (Record no. 94726)

MARC details
000 -LEADER
fixed length control field 00804nam a22002417a 4500
005 - DATE AND TIME OF LATEST TRANSACTION
control field 20150827144650.0
010 ## - LCCN (DPL NO)
LC control number ENG-113390
020 ## - INTERNATIONAL STANDARD BOOK NUMBER
International Standard Book Number 9789381523476
Terms of availability 1495.00
035 ## - SYSTEM CONTROL NUMBER
System control number EN-96922
037 ## - SOURCE OF ACQUISITION
Source of stock number/acquisition DBAD/PUB
082 ## - DEWEY DECIMAL CLASSIFICATION NUMBER
Classification number 230
100 ## - MAIN ENTRY--PERSONAL NAME
Personal name Choudhuri, Usha
245 ## - TITLE STATEMENT
Title Hinduism :
Statement of responsibility, etc by Usha Choudhuri [and] Indra Nath Choudhuri
Remainder of title a way of life and a mode of thought /
260 ## - PUBLICATION, DISTRIBUTION, ETC. (IMPRINT)
Place of publication, distribution, etc New Delhi
Name of publisher, distributor, etc Niyogi Books
Date of publication, distribution, etc 2012
270 ## - ADDRESS
Address D-78, Okhla Industrial Area, Phase-I,
City New Delhi
Postal code 110020
300 ## - PHYSICAL DESCRIPTION
Extent 280p. :
Dimensions 27cm(Hb)
Other physical details col. ill.
500 ## - GENERAL NOTE
General note Includes bibliographical references (p. [262]-265) and index.
650 ## - SUBJECT ADDED ENTRY--TOPICAL TERM
Topical term or geographic name as entry element Hinduism.
650 ## - SUBJECT ADDED ENTRY--TOPICAL TERM
Topical term or geographic name as entry element Hinduism
General subdivision Doctrines.
650 ## - SUBJECT ADDED ENTRY--TOPICAL TERM
Topical term or geographic name as entry element Hindu philosophy.
700 ## - ADDED ENTRY--PERSONAL NAME
Personal name Choudhuri, Indra Nath
942 ## - ADDED ENTRY ELEMENTS (KOHA)
Source of classification or shelving scheme Dewey Decimal Classification
Item type English Books
Call number suffix CHO
Classification part 230
Holdings
Withdrawn status Lost status Not for loan Collection code Home library Current library Date acquired Source of acquisition Cost, normal purchase price Full call number Barcode Copy number Cost, replacement price Koha item type
    Not For Loan Non-fiction D.B.Act.Division D.B.Act.Division 08/07/2015 DBAD/PUB 1495.00 230 CHO EN-96922 1 1495.00 English Books

© Delhi Public Library
Hit Counter
free hit counter